| 000 | 00823nam a2200253 i 4500 | ||
|---|---|---|---|
| 001 | bg | ||
| 100 | 1 | _aLEVINE, John | |
| 245 | 1 | 0 |
_aProgramowanie plików graficznych w językach C i C++ / _cJohn Levine ; [tł. z ang. Henryk Borek]. |
| 246 |
_iTyt. oryg.: _aProgramming for graphic files in C and C++ |
||
| 260 |
_aWarszawa : _bTranslator, _c[1995]. |
||
| 300 |
_a520 s. : _bfot., rys. ; _c24 cm. |
||
| 500 | _aOryg. "Programming for graphic files in C and C++" 1994. | ||
| 504 | _aIndeks. | ||
| 650 | 9 | _aC (język programowania) | |
| 650 | 9 |
_aGrafika komputerowa _xprogramowanie |
|
| 700 | 1 |
_aBOREK, Henryk. _eTł. |
|
| 020 | _a8386149132 | ||
| 040 | _cBPK | ||
| 041 | 1 |
_apl _hen |
|
| 080 | _a519.682:681.322.06:741/744 | ||
| 920 | _a83-86149-13-2 | ||
| 942 | _cKS | ||
| 008 | s pl f |000 0 pol | ||
| 999 |
_c24427 _d24427 |
||
| 856 |
_uhttp://koha.tu.koszalin.pl/cgi-bin/koha/opac-detail.pl?biblionumber=24427 _yKatalog online BPK |
||